Statistics for Countries of the Greater Middle East

Click here to take the quiz!

General Stats

  • This quiz has been taken 22 times
  • The average score is 31 of 36

Answer Stats

RegionAnswer% Correct
Core areaIsrael
100%
Marginal areaAfghanistan
95%
Marginal areaAlgeria
95%
Peripheral areaAzerbaijan
95%
Core areaEgypt
95%
Core areaIran
95%
Core areaIraq
95%
Marginal areaLibya
95%
Marginal areaMorocco
95%
Core areaOman
95%
Marginal areaPakistan
95%
Marginal areaSudan
95%
Core areaSyria
95%
Core areaTurkey
95%
Core areaUnited Arab Emirates
95%
Core areaYemen
95%
Peripheral areaGeorgia
90%
Peripheral areaKazakhstan
90%
Core areaSaudi Arabia
90%
Peripheral areaTurkmenistan
90%
Peripheral areaUzbekistan
90%
Peripheral areaArmenia
85%
Core areaBahrain
85%
Core areaCyprus
85%
Core areaKuwait
85%
Peripheral areaKyrgyzstan
85%
Core areaLebanon
85%
Core areaQatar
85%
Peripheral areaTajikistan
85%
Marginal areaTunisia
85%
Core areaJordan
80%
Marginal areaSomalia
80%
Marginal areaDjibouti
55%
Marginal areaMauritania
55%
Marginal areaMaldives
40%
Marginal areaComoros
30%

Score Distribution

Percentile by Number Answered

Percent of People with Each Score

Your Score History

You have not taken this quiz